000 00632nam a2200193Ia 4500
005 20260114185803.0
008 008 260114s9999 xx 000 0 eng d
020 _a9780567674623
037 _aEBOOK
040 _aCRL
_beng
_cCRL
041 _aeng
_2eng
084 _qCRL
100 _aJ. Cheryl Exum and David J.A. Clines, with Guest-Editor Diana Apostolos-Cappadona
_9874398
245 0 _aBiblical Reception, 5 Biblical Women and the Arts
260 _bBloomsbury
_c2018
856 _uhttps://doi.org/10.5040/9780567674623?locatt=label:secondary_bloomsburyCollections
942 _cEBOOK
999 _c1473332
_d1473332